000 00829nam a2200205 u 4500
001 000338205
003 AM-YeHGA
005 20250617130953.0
008 040526s1990 ||| r 000 0 rus d
020 _a5746404136
040 _aAM-YeHGA
041 0 _arus
245 0 0 _aГеофизические исследования в Татарии и сопредельных областях :
_b[Cб.ст.] /
_cНауч. ред. и сост. Г.Е. Яковлев.
260 _aКазань :
_bИзд-во Казан. ун-та,
_c1990.
300 _a156 с.
_bил.
504 _aБиблиогр. в конце ст.
653 0 _aГеофизические исследования - Татар СССР
700 1 _aЯковлев, Геннадий Евгеньевич
_eред.
_4edt
_eсост.
_4com
090 _c129210
999 _c127846
_d127846